[Event "FIDE World Rapid Team"]
[Site "Almaty"]
[Date "2024.08.03"]
[Round "8.43"]
[White "Aketayeva, Dana"]
[Black "Dosov, Nurlan"]
[Result "1/2-1/2"]
[WhiteElo "2130"]
[BlackElo "2153"]
[PlyCount "49"]
[EventDate "2024.08.02"]
[EventType "team (rapid)"]
[EventRounds "12"]
[EventCountry "KAZ"]
[SourceTitle "CBM 221 Extra"]
[Source "ChessBase"]
[SourceDate "2024.09.30"]
[SourceVersion "1"]
[SourceVersionDate "2024.09.30"]
[SourceQuality "1"]
[WhiteTeam "Abai"]
[BlackTeam "Baiterekchess"]
[WhiteTeamCountry "KAZ"]
[BlackTeamCountry "KAZ"]

1. Nf3 Nf6 2. c4 e6 3. g3 d5 4. d4 Be7 5. Bg2 0-0 6. Qc2 c5 7. dxc5 Bxc5 8. 0-0 Qc7 9. Bf4 Bd6 10. Bxd6 Qxd6 11. cxd5 exd5 12. Nc3 Nc6 13. Nb5 Qe7 14. e3 Be6 15. Nbd4 Rfc8 16. Qa4 Bd7 17. Qb3 Na5 18. Qd3 Nc4 19. b3 Nd6 20. Rfc1 Nde4 21. Nd2 Qa3 22. Rxc8+ Rxc8 23. Nxe4 Rc1+ 24. Rxc1 Qxc1+ 25. Qf1 1/2-1/2

[Event "FIDE World Rapid Team"]
[Site "Almaty"]
[Date "2024.08.03"]
[Round "6.43"]
[White "Dosov, Nurlan"]
[Black "Von Gleich, Alexander"]
[Result "0-1"]
[WhiteElo "2153"]
[BlackElo "2214"]
[PlyCount "61"]
[EventDate "2024.08.02"]
[EventType "team (rapid)"]
[EventRounds "12"]
[EventCountry "KAZ"]
[SourceTitle "CBM 221 Extra"]
[Source "ChessBase"]
[SourceDate "2024.09.30"]
[SourceVersion "1"]
[SourceVersionDate "2024.09.30"]
[SourceQuality "1"]
[WhiteTeam "Baiterekchess"]
[BlackTeam "Chess Dream"]
[WhiteTeamCountry "KAZ"]
[BlackTeamCountry "KAZ"]

1. d4 d5 2. Nf3 Nf6 3. c4 e6 4. g3 Be7 5. Bg2 0-0 6. 0-0 c6 7. Qc2 b6 8. Nbd2 Bb7 9. e4 Na6 10. b3 c5 11. cxd5 exd5 12. e5 Ne4 13. Bb2 Nb4 14. Qb1 Nxd2 15. Nxd2 Ba6 16. a3 Bd3 17. Qd1 Nc2 18. Rc1 Bxf1 19. Bxf1 Nxd4 20. b4 Ne6 21. f4 cxb4 22. axb4 Bxb4 23. f5 Qg5 24. Nf3 Qxf5 25. Bd3 Qg4 26. Kh1 Rac8 27. Be2 Rxc1 28. Bxc1 Rc8 29. Kg2 Qe4 30. Bb2 Rc2 31. Bc1 0-1